[Event "FIDE World Cup"]
[Site "Krasnaya Polyana"]
[Date "2021.07.12"]
[Round "1.1"]
[White "Braun, Arik"]
[Black "Juksta, Karolis"]
[Result "1/2-1/2"]
[WhiteElo "2609"]
[BlackElo "2438"]
[PlyCount "123"]
[EventDate "2021.07.12"]
[EventType "k.o."]
[EventRounds "8"]
[EventCountry "RUS"]
[SourceTitle "CBM 203"]
[Source "ChessBase"]
[SourceDate "2021.08.31"]
[SourceVersion "1"]
[SourceVersionDate "2021.08.31"]
[SourceQuality "1"]

1. d4 d5 2. c4 e6 3. Nc3 Be7 4. cxd5 exd5 5. Bf4 Nf6 6. e3 Bf5 7. Nge2 c6 8. Ng3 Bg6 9. Bd3 Nbd7 10. h4 Nb6 11. h5 Bxd3 12. Qxd3 Bd6 13. Bxd6 Qxd6 14. Nf5 Qf8 15. 0-0-0 0-0-0 16. Kb1 g6 17. Ng3 Kb8 18. Qe2 Qe7 19. Qf3 Rhe8 20. hxg6 hxg6 21. Nge2 Ka8 22. Nc1 Ne4 23. Nxe4 dxe4 24. Qg4 Rd5 25. Rh7 Rb5 26. Nb3 a5 27. Qe2 Nd5 28. Rc1 a4 29. Nc5 a3 30. b3 Nf6 31. Rhh1 Nd7 32. Na4 Qf6 33. Rh2 Rf5 34. g3 Kb8 35. Qd2 Rc8 36. Qc2 Qe7 37. Rch1 Nf6 38. Qe2 Nd5 39. Qd2 Nf6 40. Rh8 Rb5 41. Rxc8+ Kxc8 42. Rh8+ Kc7 43. Qc1 Nd5 44. Qe1 b6 45. Qh1 Qb4 46. Kc2 Nf6 47. g4 Qd6 48. Nc3 Rc5 49. Ra8 Ra5 50. Rxa5 bxa5 51. Nxe4 Nxe4 52. Qxe4 Qb4 53. Qf4+ Kc8 54. Qxf7 Qe1 55. Qf8+ Kd7 56. Qxa3 Qxf2+ 57. Kd3 Qf1+ 58. Ke4 Qh1+ 59. Kf4 Qh6+ 60. Kf3 Qh3+ 61. Kf4 Qh6+ 62. Kf3 1/2-1/2

[Event "FIDE World Cup Europe Swiss playoff"]
[Site "Tornelo INT"]
[Date "2021.05.30"]
[Round "7"]
[White "Braun, Arik"]
[Black "Martinovic, Sasa"]
[Result "0-1"]
[WhiteElo "2609"]
[BlackElo "2548"]
[PlyCount "68"]
[EventDate "2021.05.30"]
[EventType "swiss (rapid)"]
[EventRounds "9"]
[EventCountry "NET"]
[SourceTitle "CBM 202 Extra"]
[Source "ChessBase"]
[SourceDate "2021.07.31"]
[SourceVersion "1"]
[SourceVersionDate "2021.07.31"]
[SourceQuality "1"]

1. d4 c5 2. d5 d6 3. e4 g6 4. Nc3 Bg7 5. Nf3 Nf6 6. Bb5+ Bd7 7. a4 0-0 8. h3 Bxb5 9. axb5 Nbd7 10. 0-0 Ne8 11. Re1 Nc7 12. Bf4 Nb6 13. Qc1 Qd7 14. Ra5 Nc4 15. Ra4 Nb6 16. Ra5 e6 17. dxe6 fxe6 18. Rd1 d5 19. Bg3 d4 20. Ne2 Nxb5 21. c4 Nd6 22. Bxd6 Qxd6 23. Ng3 Nd7 24. e5 Qc6 25. Ra3 Nxe5 26. Nxe5 Bxe5 27. Re1 Bxg3 28. Rxg3 Rf5 29. h4 Kg7 30. Qd2 Raf8 31. b4 Rxf2 32. Qxf2 Rxf2 33. Kxf2 cxb4 34. c5 Qxc5 0-1

[Event "FIDE World Cup Europe Swiss playoff"]
[Site "Tornelo INT"]
[Date "2021.05.30"]
[Round "1"]
[White "Braun, Arik"]
[Black "Predke, Alexandr"]
[Result "1/2-1/2"]
[WhiteElo "2609"]
[BlackElo "2690"]
[PlyCount "67"]
[EventDate "2021.05.30"]
[EventType "swiss (rapid)"]
[EventRounds "9"]
[EventCountry "NET"]
[SourceTitle "CBM 202 Extra"]
[Source "ChessBase"]
[SourceDate "2021.07.31"]
[SourceVersion "1"]
[SourceVersionDate "2021.07.31"]
[SourceQuality "1"]

1. d4 Nf6 2. c4 e6 3. Nc3 Bb4 4. Qc2 c5 5. dxc5 0-0 6. Nf3 Na6 7. a3 Bxc3+ 8. Qxc3 Nxc5 9. e3 b6 10. Be2 Bb7 11. 0-0 Rc8 12. b4 Nce4 13. Qb3 d5 14. Bb2 dxc4 15. Bxc4 Bd5 16. Bxd5 Qxd5 17. Qxd5 Nxd5 18. Rfc1 Ndc3 19. Kf1 f6 20. Rc2 Na4 21. Rac1 Rxc2 22. Rxc2 Nxb2 23. Rxb2 Rc8 24. Nd4 e5 25. Rc2 Rxc2 26. Nxc2 Kf7 27. Ke2 Ke6 28. f3 Nd6 29. e4 Nc4 30. Kd3 b5 31. Ne3 Nxe3 32. Kxe3 g5 33. g4 a6 34. Ke2 1/2-1/2

[Event "FIDE World Cup Europe Swiss playoff"]
[Site "Tornelo INT"]
[Date "2021.05.30"]
[Round "8"]
[White "Paichadze, Luka"]
[Black "Braun, Arik"]
[Result "1-0"]
[WhiteElo "2565"]
[BlackElo "2609"]
[PlyCount "89"]
[EventDate "2021.05.30"]
[EventType "swiss (rapid)"]
[EventRounds "9"]
[EventCountry "NET"]
[SourceTitle "CBM 202 Extra"]
[Source "ChessBase"]
[SourceDate "2021.07.31"]
[SourceVersion "1"]
[SourceVersionDate "2021.07.31"]
[SourceQuality "1"]

1. e4 c6 2. d4 d5 3. e5 Bf5 4. h4 Qb6 5. Nc3 h5 6. Bd3 Qxd4 7. Nf3 Qg4 8. 0-0 Bxd3 9. Qxd3 e6 10. Bg5 Be7 11. Ne2 Nd7 12. Ned4 Bxg5 13. Nxg5 Ne7 14. f4 Nf5 15. Nxf5 Qxf5 16. Qa3 c5 17. c4 0-0 18. cxd5 exd5 19. Qf3 d4 20. Qxh5 Rae8 21. g4 Qg6 22. Qxg6 fxg6 23. Kg2 c4 24. Kg3 Nc5 25. a4 Nb3 26. Rad1 d3 27. Nf3 Rd8 28. e6 Rd6 29. Rfe1 Nc5 30. Ng5 Nxa4 31. Rd2 b5 32. h5 gxh5 33. f5 Nc5 34. Re5 Nb3 35. Rd1 Nd4 36. Ne4 Ne2+ 37. Kf3 hxg4+ 38. Kxg4 Rd4 39. Kg5 b4 40. f6 gxf6+ 41. Nxf6+ Rxf6 42. Kxf6 Rf4+ 43. Kg5 Kf8 44. e7+ Ke8 45. Rh1 1-0

[Event "FIDE World Cup Europe Hybrid Qual"]
[Site "Tornelo INT"]
[Date "2021.05.26"]
[Round "2.1"]
[White "Rozum, Ivan"]
[Black "Braun, Arik"]
[Result "1/2-1/2"]
[WhiteElo "2549"]
[BlackElo "2609"]
[PlyCount "141"]
[EventDate "2021.05.24"]
[EventType "k.o."]
[EventRounds "3"]
[EventCountry "NET"]
[SourceTitle "CBM 202 Extra"]
[Source "ChessBase"]
[SourceDate "2021.07.31"]
[SourceVersion "1"]
[SourceVersionDate "2021.07.31"]
[SourceQuality "1"]

1. e4 c5 2. Nf3 e6 3. c4 Nc6 4. d4 cxd4 5. Nxd4 Nf6 6. Nc3 Bb4 7. Nxc6 bxc6 8. Bd3 e5 9. 0-0 0-0 10. Na4 d5 11. Qe2 Bg4 12. Qc2 Rc8 13. Be3 Qe7 14. f3 Be6 15. a3 Bd6 16. b4 Rfe8 17. Rae1 h6 18. Kh1 Nh5 19. exd5 cxd5 20. Bc5 e4 21. fxe4 dxc4 22. Bxc4 Ng3+ 23. hxg3 Rxc5 24. Nxc5 Bxg3 25. Bxe6 fxe6 26. Kg1 Qh4 27. Rf2 Qh2+ 28. Kf1 Bxf2 29. Kxf2 Rf8+ 30. Ke2 Qxg2+ 31. Kd1 Qf3+ 32. Kc1 Qxa3+ 33. Qb2 Qg3 34. Rd1 a5 35. Nxe6 Qe3+ 36. Qd2 Rc8+ 37. Nc5 Qa3+ 38. Kb1 axb4 39. Qd5+ Kh8 40. Rd3 Qa7 41. Nb3 Qc7 42. Rd2 Re8 43. Qd4 Qf4 44. Nc5 Qf1+ 45. Rd1 Qf7 46. Kb2 Qh5 47. Rg1 Qf7 48. Rh1 Qg6 49. Rf1 Kh7 50. Rg1 Qf7 51. Rg2 Qe7 52. Ne6 g5 53. Nc5 Qe5 54. Qxe5 Rxe5 55. Nd7 Re7 56. Nc5 Kg6 57. Kb3 h5 58. Kxb4 h4 59. Kc4 h3 60. Rh2 g4 61. Kd4 Kg5 62. e5 Kh4 63. Ne4 g3 64. Nxg3 Kxg3 65. Rh1 Kg2 66. Re1 h2 67. Kd5 h1Q 68. Rxh1 Kxh1 69. e6 Kg2 70. Kd6 Rxe6+ 71. Kxe6 1/2-1/2

[Event "FIDE World Cup Europe Hybrid Qual"]
[Site "Tornelo INT"]
[Date "2021.05.24"]
[Round "1.1"]
[White "Braun, Arik"]
[Black "Djukic, Nikola"]
[Result "1-0"]
[WhiteElo "2609"]
[BlackElo "2510"]
[PlyCount "61"]
[EventDate "2021.05.24"]
[EventType "k.o."]
[EventRounds "3"]
[EventCountry "NET"]
[SourceTitle "CBM 202 Extra"]
[Source "ChessBase"]
[SourceDate "2021.07.31"]
[SourceVersion "1"]
[SourceVersionDate "2021.07.31"]
[SourceQuality "1"]

1. d4 Nf6 2. c4 g6 3. Nc3 Bg7 4. e4 d6 5. f3 0-0 6. Be3 a6 7. Nge2 Nbd7 8. Ng3 h5 9. Bd3 c5 10. dxc5 dxc5 11. 0-0 h4 12. Nh1 Nh5 13. Be2 e5 14. g3 f5 15. exf5 gxf5 16. Qd5+ Kh8 17. Rad1 f4 18. gxf4 Bh6 19. Nf2 Bxf4 20. Ng4 Bxe3+ 21. Nxe3 Nf4 22. Qd6 Rf6 23. Qd2 Qg8+ 24. Kh1 Rg6 25. Rg1 Nf8 26. Qd8 Rxg1+ 27. Rxg1 N8g6 28. Qc7 Qf8 29. Bd1 Bf5 30. Rg5 Qh6 31. Nxf5 1-0

[Event "EU-Cup Online Play-A"]
[Site "Tornelo INT"]
[Date "2021.03.29"]
[Round "1.3"]
[White "Braun, Arik"]
[Black "Gumularz, Szymon"]
[Result "0-1"]
[WhiteElo "2609"]
[BlackElo "2517"]
[PlyCount "134"]
[EventDate "2021.03.29"]
[EventType "team-tourn (rapid)"]
[EventRounds "5"]
[EventCountry "NET"]
[SourceTitle "CBM 201 Extra"]
[Source "ChessBase"]
[SourceDate "2021.05.31"]
[SourceVersion "1"]
[SourceVersionDate "2021.05.31"]
[SourceQuality "1"]
[WhiteTeam "Hockenheim"]
[BlackTeam "Wroclaw Polonia"]
[WhiteTeamCountry "GER"]
[BlackTeamCountry "POL"]

1. d4 Nf6 2. c4 e6 3. Nc3 Bb4 4. Qc2 0-0 5. a3 Bxc3+ 6. Qxc3 d6 7. Bg5 h6 8. Bh4 Nbd7 9. f3 d5 10. e3 Re8 11. Nh3 b6 12. cxd5 exd5 13. Bb5 Qe7 14. Bf2 c5 15. 0-0 Bb7 16. Rac1 Rac8 17. Bd3 Nf8 18. Nf4 Ne6 19. Nxe6 Qxe6 20. Rfe1 Re7 21. Bb1 Ba6 22. Qd2 Rec7 23. Rc3 Ne8 24. Qc2 g6 25. e4 cxd4 26. Rxc7 Nxc7 27. Qd2 Kh7 28. Bxd4 Rd8 29. h4 Nb5 30. Bf2 d4 31. Bd3 Nc7 32. Rc1 Bxd3 33. Rxc7 Bb5 34. Qf4 Rd7 35. Rc8 d3 36. Be3 g5 37. hxg5 d2 38. Bxd2 Rxd2 39. Rf8 Rd1+ 40. Kh2 Kg7 41. Ra8 Rd7 42. g4 Qd6 43. gxh6+ Qxh6+ 44. Qxh6+ Kxh6 45. Kg3 Bc6 46. Rc8 Bb7 47. Rb8 f6 48. Kf4 Kg6 49. Rg8+ Kf7 50. Rh8 Ke6 51. Re8+ Re7 52. Rh8 Rc7 53. Rh6 Rf7 54. Rh8 Rd7 55. Rh6 Rf7 56. Rh8 Ba6 57. Ke3 Rd7 58. Ra8 Rd3+ 59. Kf4 Rb3 60. Re8+ Kf7 61. Rh8 Be2 62. Rh3 Ke6 63. Rg3 a5 64. Rh3 a4 65. e5 fxe5+ 66. Ke4 Bd3+ 67. Ke3 Bf1+ 0-1

[Event "EU-Cup Online Gr-H"]
[Site "Tornelo INT"]
[Date "2021.03.28"]
[Round "8.2"]
[White "Sabuk, Piotr"]
[Black "Braun, Arik"]
[Result "0-1"]
[WhiteElo "2366"]
[BlackElo "2609"]
[PlyCount "110"]
[EventDate "2021.03.27"]
[EventType "team-tourn (rapid)"]
[EventRounds "9"]
[EventCountry "NET"]
[SourceTitle "CBM 201 Extra"]
[Source "ChessBase"]
[SourceDate "2021.05.31"]
[SourceVersion "1"]
[SourceVersionDate "2021.05.31"]
[SourceQuality "1"]
[WhiteTeam "Franconville"]
[BlackTeam "Hockenheim"]
[WhiteTeamCountry "FRA"]
[BlackTeamCountry "GER"]

1. d4 Nf6 2. c4 e6 3. Nc3 Bb4 4. g3 0-0 5. Bg2 d5 6. Nf3 dxc4 7. 0-0 Nbd7 8. Qc2 Rb8 9. Rd1 Qe7 10. e4 h6 11. Bf4 Nb6 12. Nb5 Bd7 13. Nxc7 Nh5 14. Nxe6 fxe6 15. Bxb8 Rxb8 16. Ne5 Rc8 17. Nxd7 Qxd7 18. e5 Nd5 19. Qg6 Qf7 20. Be4 Ne7 21. Qh7+ Kf8 22. Rac1 Ke8 23. a3 Ba5 24. b4 Bb6 25. Rc3 Kd7 26. Bxb7 Rf8 27. Rf3 Qe8 28. d5 exd5 29. Bxd5 Nxd5 30. Rxd5+ Kc7 31. Qe4 Kb8 32. Kg2 Nf6 33. Rxf6 Rxf6 34. f4 Rc6 35. a4 c3 36. Qc2 Rc4 37. Rd6 Bc7 38. Qb3 Rc6 39. Rd1 c2 40. Rc1 Qg6 41. Qg8+ Kb7 42. Qd5 Kc8 43. f5 Qe8 44. e6 Kb8 45. Kh1 Rc3 46. Qd2 Qc6+ 47. Qg2 Qd6 48. Qe2 Qd5+ 49. Qg2 Qd1+ 50. Qg1 Qxg1+ 51. Kxg1 Bb6+ 52. Kf1 Kc7 53. Ke2 Be3 54. Rxc2 Rxc2+ 55. Kxe3 Rc4 0-1